000 00773nam a2200241Ia 4500
003 OSt
005 20220305111902.0
008 210716s2006 xx 000 0 und d
020 _a9780761933601
040 _cAIMIT LIBRARY
041 _aeng
082 _a658.304
_21
_bSHAA
100 _aSharma, Anuradha.
_922906
245 _aStrategic human resource management :
_bIndian perspective /
_cBy Anuradha Sharma and Aradhana Khandekar.
250 _a1st ed.
260 _aNew Delhi :
_bResponse Books ;
_c2006.
300 _a264p. ;
_c24 cm.
650 _aModels of strategic HRM
_922907
650 _aStrategic HRM in India: emerging dimensions
_922908
650 _aEpilogue
_922909
700 _aKhandekar, Aradhana.
_922910
942 _2ddc
_cBK
_e1st
_k658.304 SHAA
999 _c205939
_d205939